Heart disease : (Record no. 1929)

000 -LEADER
fixed length control field 00908cam a2200289 a 4500
003 - CONTROL NUMBER IDENTIFIER
control field OSt
005 - DATE AND TIME OF LATEST TRANSACTION
control field 20210702071635.0
008 - FIXED-LENGTH DATA ELEMENTS--GENERAL INFORMATION
fixed length control field 861202s1988 paua b 001 0 eng c
020 ## - INTERNATIONAL STANDARD BOOK NUMBER
International Standard Book Number 0721619533 (single v.)
020 ## - INTERNATIONAL STANDARD BOOK NUMBER
International Standard Book Number 0721619568 (set)
020 ## - INTERNATIONAL STANDARD BOOK NUMBER
International Standard Book Number 0721619541 (v. 1)
020 ## - INTERNATIONAL STANDARD BOOK NUMBER
International Standard Book Number 072161955X (v. 2)
040 ## - CATALOGING SOURCE
Transcribing agency ALUPE UNIVERSITY
050 00 - LIBRARY OF CONGRESS CALL NUMBER
Classification number RC68
Item number .H36 1988
060 ## - NATIONAL LIBRARY OF MEDICINE CALL NUMBER
Classification number WG 200 H4364
245 00 - TITLE STATEMENT
Title Heart disease :
Remainder of title a textbook of cardiovascular medicine /
Statement of responsibility, etc. edited by Eugene Braunwald.
250 ## - EDITION STATEMENT
Edition statement 3rd ed.
260 ## - PUBLICATION, DISTRIBUTION, ETC.
Place of publication, distribution, etc. Philadelphia :
Name of publisher, distributor, etc. Saunders,
Date of publication, distribution, etc. 1988.
300 ## - PHYSICAL DESCRIPTION
Extent 2 v. :
Other physical details ill. ;
Dimensions 29 cm.
504 ## - BIBLIOGRAPHY, ETC. NOTE
Bibliography, etc. note Includes bibliographies and indexes.
650 #0 - SUBJECT ADDED ENTRY--TOPICAL TERM
Topical term or geographic name entry element Heart
General subdivision Diseases.
650 #0 - SUBJECT ADDED ENTRY--TOPICAL TERM
Topical term or geographic name entry element Cardiovascular system
General subdivision Diseases.
650 #2 - SUBJECT ADDED ENTRY--TOPICAL TERM
Topical term or geographic name entry element Heart Diseases
General subdivision complications.
700 1# - ADDED ENTRY--PERSONAL NAME
Personal name Braunwald, Eugene,
Dates associated with a name 1929-
906 ## - LOCAL DATA ELEMENT F, LDF (RLIN)
a 7
b cbc
c orignew
d 1
e ocip
f 19
g y-gencatlg
942 ## - ADDED ENTRY ELEMENTS (KOHA)
Source of classification or shelving scheme
Koha item type Book
Suppress in OPAC PW
Holdings
Withdrawn status Lost status Source of classification or shelving scheme Damaged status Not for loan Permanent Location Current Location Shelving location Date acquired Total Checkouts Full call number Barcode Date last seen Price effective from Koha item type Public note Source of acquisition Copy number
          AU LIBRARY AU LIBRARY Open Shelf 02.07.2021   RC68 .H36 1988 28003206 02.07.2021 02.07.2021 Book PW    
          AU LIBRARY AU LIBRARY Open Shelf 04.04.2022   RC68 .H36 1988 C2 28011791 04.04.2022 04.04.2022 Book BA DONATION FROM MOI UNIVERSITY 2

Powered by Koha